000 00322 a2200109 4500
001 ART_45650
005 20260410161756.0
008 260409a
245 1 0 _aSucursales de compañías extranjeras
100 1 _aGarcía, Roberto Martín
773 0 _tDoctrina tributaria
_g- Nº 456 (mar. 2018)
_wREV4296
999 _c20153
_d20153